Hướng dẫn marketing = Marketing research

Sách đưa ra những nội dung và phương pháp nghiên cứu marketing cần thiết để có thể ứng dụng vào hoàn cảnh cụ thể của từng đơn vị kinh tế, làm cơ sở để đưa ra những chiến lược kinh doanh thích hợp...

Descrizione completa

Salvato in:
Dettagli Bibliografici
Autore principale: Hester, Edwards
Natura: Libro
Lingua:Undetermined
Pubblicazione: Hà Nội Thống Kê 1997
Soggetti:
Tags: Aggiungi Tag
Nessun Tag, puoi essere il primo ad aggiungerne! !
Thư viện lưu trữ: Trung tâm Học liệu Trường Đại học Cần Thơ
LEADER 00846nam a2200205Ia 4500
001 CTU_154357
008 210402s9999 xx 000 0 und d
082 |a 658.83 
082 |b H588 
100 |a Hester, Edwards 
245 0 |a Hướng dẫn marketing = 
245 0 |b Marketing research 
245 0 |c Edwards Hester 
260 |a Hà Nội 
260 |b Thống Kê 
260 |c 1997 
520 |a Sách đưa ra những nội dung và phương pháp nghiên cứu marketing cần thiết để có thể ứng dụng vào hoàn cảnh cụ thể của từng đơn vị kinh tế, làm cơ sở để đưa ra những chiến lược kinh doanh thích hợp 
650 |a Marketing,Tiếp thị 
904 |i QHieu 
980 |a Trung tâm Học liệu Trường Đại học Cần Thơ